| 000 | 00617nmm a2200205 a 4500 | ||
|---|---|---|---|
| 003 | AR-BaBNM | ||
| 005 | 20251128204031.0 | ||
| 008 | 266019s1971 ||||||||||||||000 | spa|| | ||
| 040 | _cAR-BaBNM | ||
| 110 | 2 | _aCentro de Documentación e Información Educativa [Argentina] | |
| 245 | 1 | 0 | _aBases para el curriculum de las escuelas de nivel elemental |
| 260 |
_aBuenos Aires _bMinisterio de Educación y Cultura _c1971 |
||
| 300 | 0 |
_a379 p. _btablas, diagr. |
|
| 650 | 4 | _aCURRICULO | |
| 650 | 4 | _aPLANIFICACION DEL CURRICULO | |
| 651 | 4 | _aArgentina | |
| 653 | 0 | _aEDUCACION PRIMARIA | |
| 942 | _cBK | ||
| 998 | _csilvi | ||
| 999 |
_c5885 _d5885 |
||